[Event "DEM U14 2023"]
[Site "Willingen GER"]
[Date "2023.05.30"]
[Round "4"]
[White "Birkenheier, Nicolas"]
[Black "Dordevic, Tom"]
[Result "0-1"]
[Termination "normal"]
[Board "12"]
[WhiteElo "1550"]
[BlackElo "2068"]
[WhiteClock "00:01:55"]
[BlackClock "00:02:58"]
[PlyCount "158"]
[WhiteFideId "16287100"]
[BlackFideId "16260503"]
[EventCountry "GER"]
[EventRounds "9"]
[EventType "swiss"]
[EventDate "2023.05.27"]

1. e4 {[%clk 01:30:56]} {[%emt 00:00:03]} c5 {[%clk 01:30:58]} {[%emt
00:00:04]} 2. Nf3 {[%clk 01:31:14]} {[%emt 00:00:11]} d6 {[%clk 01:31:24]}
{[%emt 00:00:04]} 3. Bb5+ {[%clk 01:31:24]} {[%emt 00:00:20]} Nd7 {[%clk
01:31:50]} {[%emt 00:00:05]} 4. O-O {[%clk 01:31:25]} {[%emt 00:00:28]} a6
{[%clk 01:32:16]} {[%emt 00:00:05]} 5. Bd3 {[%clk 01:30:57]} {[%emt 00:00:58]}
Ngf6 {[%clk 01:32:26]} {[%emt 00:00:20]} 6. Re1 {[%clk 01:30:22]} {[%emt
00:01:04]} e6 {[%clk 01:32:45]} {[%emt 00:00:11]} 7. c3 {[%clk 01:29:44]}
{[%emt 00:01:08]} b5 {[%clk 01:32:59]} {[%emt 00:00:16]} 8. Bc2 {[%clk
01:28:52]} {[%emt 00:01:22]} c4 {[%clk 01:33:13]} {[%emt 00:00:17]} 9. d4
{[%clk 01:27:36]} {[%emt 00:01:46]} cxd3 {[%clk 01:33:37]} {[%emt 00:00:06]}
10. Bxd3 {[%clk 01:27:13]} {[%emt 00:00:52]} Bb7 {[%clk 01:32:27]} {[%emt
00:01:40]} 11. a4 {[%clk 01:13:59]} {[%emt 00:13:44]} bxa4 {[%clk 01:31:20]}
{[%emt 00:01:37]} 12. Qxa4 {[%clk 01:12:45]} {[%emt 00:01:45]} Be7 {[%clk
01:30:39]} {[%emt 00:01:11]} 13. b4 {[%clk 00:51:42]} {[%emt 00:21:33]} O-O
{[%clk 01:29:03]} {[%emt 00:02:06]} 14. Bb2 {[%clk 00:38:27]} {[%emt 00:13:45]}
Qc7 {[%clk 01:13:32]} {[%emt 00:16:01]} 15. Nbd2 {[%clk 00:34:31]} {[%emt
00:04:25]} Rfb8 {[%clk 00:56:58]} {[%emt 00:17:04]} 16. Nc4 {[%clk 00:29:40]}
{[%emt 00:05:20]} d5 {[%clk 00:49:01]} {[%emt 00:08:28]} 17. exd5 {[%clk
00:24:12]} {[%emt 00:05:58]} Bxd5 {[%clk 00:48:44]} {[%emt 00:00:48]} 18. Nfe5
{[%clk 00:21:42]} {[%emt 00:03:00]} Nxe5 {[%clk 00:46:07]} {[%emt 00:03:07]}
19. Nxe5 {[%clk 00:21:50]} {[%emt 00:00:21]} Bd6 {[%clk 00:45:24]} {[%emt
00:01:13]} 20. c4 {[%clk 00:13:13]} {[%emt 00:09:07]} Rxb4 {[%clk 00:43:02]}
{[%emt 00:02:52]} 21. Qc2 {[%clk 00:12:47]} {[%emt 00:00:56]} Bxg2 {[%clk
00:28:42]} {[%emt 00:14:51]} 22. Bc3 {[%clk 00:03:21]} {[%emt 00:09:55]} Bb7
{[%clk 00:21:28]} {[%emt 00:07:44]} 23. Re3 {[%clk 00:01:35]} {[%emt 00:02:16]}
Rb6 {[%clk 00:13:08]} {[%emt 00:08:50]} 24. Kf1 {[%clk 00:01:08]} {[%emt
00:00:57]} Bxe5 {[%clk 00:06:20]} {[%emt 00:07:18]} 25. Bxe5 {[%clk 00:01:20]}
{[%emt 00:00:17]} Qc5 {[%clk 00:06:28]} {[%emt 00:00:23]} 26. Bxf6 {[%clk
00:01:28]} {[%emt 00:00:21]} gxf6 {[%clk 00:06:57]} 27. Rg3+ {[%clk 00:01:24]}
{[%emt 00:00:35]} Kf8 {[%clk 00:07:12]} {[%emt 00:00:16]} 28. Rd1 {[%clk
00:00:55]} {[%emt 00:00:56]} Rd8 {[%clk 00:06:45]} {[%emt 00:00:59]} 29. Rg8+
{[%clk 00:00:46]} {[%emt 00:00:40]} Ke7 {[%clk 00:06:08]} {[%emt 00:01:08]} 30.
Rxd8 {[%clk 00:01:08]} {[%emt 00:00:08]} Kxd8 {[%clk 00:06:31]} {[%emt
00:00:07]} 31. Bxh7+ {[%clk 00:01:12]} {[%emt 00:00:25]} Kc7 {[%clk 00:04:42]}
{[%emt 00:02:19]} 32. Be4 {[%clk 00:01:07]} {[%emt 00:00:34]} f5 {[%clk
00:02:00]} {[%emt 00:03:13]} 33. Bxb7 {[%emt 00:02:03]} Rxb7 {[%clk 00:04:24]}
{[%emt 00:00:07]} 34. Qc3 {[%clk 00:01:09]} {[%emt 00:00:38]} Kb8 {[%clk
00:04:02]} {[%emt 00:00:55]} 35. Qd3 {[%clk 00:00:45]} {[%emt 00:00:55]} Ka7
{[%emt 00:00:51]} 36. Qc3 {[%clk 00:00:55]} {[%emt 00:00:17]} Rc7 {[%clk
00:03:41]} {[%emt 00:00:32]} 37. Rc1 {[%clk 00:00:48]} {[%emt 00:00:38]} e5
{[%clk 00:02:57]} {[%emt 00:01:14]} 38. h4 {[%clk 00:00:54]} {[%emt 00:00:23]}
f6 {[%clk 00:03:05]} {[%emt 00:00:23]} 39. Qf3 {[%clk 00:01:05]} {[%emt
00:00:17]} f4 {[%clk 00:02:20]} {[%emt 00:01:16]} 40. Qe4 {[%clk 00:01:10]}
{[%emt 00:00:25]} Qc6 {[%clk 00:01:32]} {[%emt 00:01:18]} 41. Qxc6 {[%clk
00:01:04]} {[%emt 00:00:35]} Rxc6 {[%clk 00:02:02]} 42. c5 {[%clk 00:00:45]}
{[%emt 00:00:49]} f5 {[%clk 00:30:26]} {[%emt 00:02:06]} 43. Kg2 {[%clk
00:30:14]} {[%emt 00:01:01]} Kb7 {[%clk 00:29:06]} {[%emt 00:01:51]} 44. Kh3
{[%clk 00:29:13]} {[%emt 00:01:30]} e4 {[%clk 00:17:21]} {[%emt 00:12:17]} 45.
h5 {[%clk 00:02:54]} {[%emt 00:26:47]} a5 {[%clk 00:05:10]} {[%emt 00:12:42]}
46. Kh4 {[%clk 00:02:00]} {[%emt 00:01:24]} e3 {[%clk 00:03:58]} {[%emt
00:01:42]} 47. f3 {[%clk 00:01:13]} {[%emt 00:01:17]} a4 {[%clk 00:01:07]}
{[%emt 00:03:22]} 48. Kg5 {[%clk 00:01:08]} {[%emt 00:00:34]} a3 {[%clk
00:01:13]} {[%emt 00:00:25]} 49. h6 {[%clk 00:00:55]} {[%emt 00:00:42]} Ra6
{[%clk 00:00:57]} {[%emt 00:00:47]} 50. h7 {[%clk 00:00:59]} {[%emt 00:00:25]}
Ra8 {[%clk 00:01:21]} {[%emt 00:00:06]} 51. c6+ {[%clk 00:01:15]} {[%emt
00:00:14]} Kc7 {[%clk 00:01:44]} {[%emt 00:00:07]} 52. Kg6 {[%clk 00:01:02]}
{[%emt 00:00:43]} a2 {[%clk 00:00:55]} {[%emt 00:01:20]} 53. Ra1 {[%clk
00:01:11]} {[%emt 00:00:20]} e2 {[%clk 00:00:51]} {[%emt 00:00:34]} 54. Kg7
{[%clk 00:01:18]} {[%emt 00:00:22]} Kxc6 {[%clk 00:00:51]} {[%emt 00:00:31]}
55. Re1 {[%clk 00:00:46]} {[%emt 00:01:01]} a1=Q+ {[%clk 00:00:41]} {[%emt
00:00:41]} 56. Rxa1 {[%clk 00:01:08]} {[%emt 00:00:07]} Rxa1 {[%clk 00:01:10]}
{[%emt 00:00:02]} 57. h8=Q {[%clk 00:01:25]} {[%emt 00:00:12]} e1=Q {[%clk
00:01:28]} {[%emt 00:00:13]} 58. Qc8+ {[%clk 00:01:33]} {[%emt 00:00:22]} Kd5
{[%clk 00:01:45]} {[%emt 00:00:12]} 59. Qd7+ {[%clk 00:01:30]} {[%emt
00:00:33]} Kc4 {[%clk 00:01:52]} {[%emt 00:00:22]} 60. Qc6+ {[%clk 00:01:44]}
{[%emt 00:00:18]} Kd3 {[%clk 00:02:07]} {[%emt 00:00:10]} 61. Qd5+ {[%clk
00:01:47]} {[%emt 00:00:30]} Ke2 {[%clk 00:02:05]} {[%emt 00:00:31]} 62. Qc4+
{[%clk 00:01:24]} {[%emt 00:00:56]} Kf2 {[%clk 00:02:20]} {[%emt 00:00:14]} 63.
Qd4+ {[%clk 00:01:31]} {[%emt 00:00:23]} Kg3 {[%clk 00:01:49]} {[%emt
00:01:00]} 64. Qf6 {[%clk 00:01:21]} {[%emt 00:00:41]} Ra7+ {[%clk 00:01:56]}
{[%emt 00:00:23]} 65. Kg6 {[%clk 00:01:16]} {[%emt 00:00:36]} Qe8+ {[%clk
00:01:45]} {[%emt 00:00:41]} 66. Kh6 {[%clk 00:01:33]} {[%emt 00:00:13]} Qe7
{[%clk 00:01:13]} {[%emt 00:01:01]} 67. Qg6+ {[%clk 00:01:18]} {[%emt
00:00:45]} Kf2 {[%clk 00:01:12]} {[%emt 00:00:31]} 68. Qb6+ {[%clk 00:01:35]}
{[%emt 00:00:14]} Qe3 {[%clk 00:01:23]} {[%emt 00:00:19]} 69. Qb2+ {[%clk
00:01:39]} {[%emt 00:00:26]} Kg3 {[%clk 00:01:30]} {[%emt 00:00:23]} 70. Qf6
{[%clk 00:01:45]} {[%emt 00:00:23]} Kxf3 {[%clk 00:01:29]} {[%emt 00:00:31]}
71. Qc6+ {[%clk 00:02:01]} {[%emt 00:00:15]} Kf2 {[%clk 00:01:32]} {[%emt
00:00:26]} 72. Qc2+ {[%clk 00:02:08]} {[%emt 00:00:23]} Kg3 {[%clk 00:01:53]}
{[%emt 00:00:09]} 73. Qc6 {[%clk 00:01:51]} {[%emt 00:00:46]} Re7 {[%clk
00:01:25]} {[%emt 00:00:59]} 74. Qg6+ {[%clk 00:01:59]} {[%emt 00:00:22]} Kf2
{[%clk 00:01:49]} {[%emt 00:00:05]} 75. Qh5 {[%clk 00:00:38]} {[%emt 00:01:52]}
Qe6+ {[%clk 00:01:42]} {[%emt 00:00:37]} 76. Kg5 {[%clk 00:00:57]} {[%emt
00:00:12]} Rg7+ {[%clk 00:02:00]} {[%emt 00:00:11]} 77. Kh4 {[%clk 00:01:13]}
{[%emt 00:00:14]} Rg4+ {[%clk 00:02:10]} {[%emt 00:00:17]} 78. Kh3 {[%clk
00:01:33]} {[%emt 00:00:13]} Qe3+ {[%clk 00:02:37]} {[%emt 00:00:04]} 79. Kh2
{[%clk 00:01:55]} {[%emt 00:00:08]} Qg3 {[%clk 00:02:58]} {[%emt 00:00:09]} 0-1

[Event "DEM U14 2023"]
[Site "Willingen GER"]
[Date "2023.05.30"]
[Round "4"]
[White "Türel, Tugrul"]
[Black "Lu, Yunong Elias"]
[Result "1-0"]
[Termination "normal"]
[Board "14"]
[WhiteElo "1855"]
[BlackElo "1823"]
[WhiteClock "00:29:27"]
[BlackClock "01:07:27"]
[PlyCount "65"]
[WhiteFideId "26338408"]
[BlackFideId "16276426"]
[EventCountry "GER"]
[EventRounds "9"]
[EventType "swiss"]
[EventDate "2023.05.27"]

1. e4 {[%clk 01:30:56]} {[%emt 00:00:03]} c6 {[%clk 01:30:34]} {[%emt
00:00:26]} 2. d4 {[%clk 01:31:05]} {[%emt 00:00:21]} d5 {[%clk 01:30:36]}
{[%emt 00:00:29]} 3. Nc3 {[%clk 01:31:30]} {[%emt 00:00:04]} dxe4 {[%clk
01:30:40]} {[%emt 00:00:26]} 4. Nxe4 {[%clk 01:31:55]} {[%emt 00:00:05]} Nf6
{[%clk 01:30:55]} {[%emt 00:00:14]} 5. Nxf6+ {[%clk 01:32:19]} {[%emt
00:00:06]} exf6 {[%clk 01:30:59]} {[%emt 00:00:26]} 6. c3 {[%clk 01:32:44]}
{[%emt 00:00:05]} Bd6 {[%clk 01:30:47]} {[%emt 00:00:42]} 7. Bd3 {[%clk
01:33:06]} {[%emt 00:00:08]} O-O {[%clk 01:31:07]} {[%emt 00:00:11]} 8. Qc2
{[%clk 01:33:32]} {[%emt 00:00:03]} Re8+ {[%clk 01:30:51]} {[%emt 00:00:46]} 9.
Ne2 {[%clk 01:33:56]} {[%emt 00:00:06]} h5 {[%clk 01:31:14]} {[%emt 00:00:08]}
10. O-O {[%clk 01:34:18]} {[%emt 00:00:07]} h4 {[%clk 01:31:34]} {[%emt
00:00:11]} 11. h3 {[%clk 01:34:42]} {[%emt 00:00:05]} Nd7 {[%clk 01:31:23]}
{[%emt 00:00:42]} 12. Bd2 {[%clk 01:35:01]} {[%emt 00:00:10]} Nf8 {[%clk
01:31:36]} {[%emt 00:00:18]} 13. Rae1 {[%clk 01:35:25]} {[%emt 00:00:06]} Be6
{[%clk 01:30:49]} {[%emt 00:01:17]} 14. f4 {[%clk 01:35:18]} {[%emt 00:00:36]}
b5 {[%clk 01:23:40]} {[%emt 00:07:40]} 15. f5 {[%clk 01:28:42]} {[%emt
00:07:05]} Bd7 {[%clk 01:23:23]} {[%emt 00:00:48]} 16. Bf4 {[%clk 01:21:14]}
{[%emt 00:07:57]} Bxf4 {[%clk 01:22:17]} {[%emt 00:01:36]} 17. Rxf4 {[%clk
01:12:06]} {[%emt 00:09:38]} Qc7 {[%clk 01:20:22]} {[%emt 00:02:26]} 18. Rxh4
{[%clk 01:11:41]} {[%emt 00:00:55]} c5 {[%clk 01:20:24]} {[%emt 00:00:28]} 19.
d5 {[%clk 01:05:45]} {[%emt 00:06:25]} c4 {[%clk 01:19:56]} {[%emt 00:01:00]}
20. Be4 {[%clk 01:06:05]} {[%emt 00:00:09]} Re5 {[%clk 01:10:40]} {[%emt
00:09:46]} 21. Nd4 {[%clk 00:58:52]} {[%emt 00:07:42]} Rae8 {[%clk 01:10:00]}
{[%emt 00:01:11]} 22. Rf1 {[%clk 00:58:58]} {[%emt 00:00:24]} Qb6 {[%clk
01:09:30]} {[%emt 00:01:00]} 23. Kh1 {[%clk 00:58:07]} {[%emt 00:01:21]} b4
{[%clk 01:09:06]} {[%emt 00:00:54]} 24. Qe2 {[%clk 00:53:52]} {[%emt 00:04:44]}
g6 {[%clk 01:07:33]} {[%emt 00:02:04]} 25. Qf3 {[%clk 00:52:44]} {[%emt
00:01:37]} bxc3 {[%clk 01:07:30]} {[%emt 00:00:34]} 26. bxc3 {[%clk 00:52:33]}
{[%emt 00:00:41]} Kg7 {[%clk 01:07:40]} {[%emt 00:00:20]} 27. fxg6 {[%clk
00:49:57]} {[%emt 00:03:05]} fxg6 {[%clk 01:07:40]} {[%emt 00:00:30]} 28. Nc6
{[%clk 00:29:30]} {[%emt 00:20:57]} Bf5 {[%clk 01:06:34]} {[%emt 00:01:36]} 29.
Nxe5 {[%clk 00:28:31]} {[%emt 00:01:29]} Rxe5 {[%clk 01:06:55]} {[%emt
00:00:08]} 30. Bxf5 {[%clk 00:28:48]} {[%emt 00:00:14]} Rxf5 {[%clk 01:07:12]}
{[%emt 00:00:13]} 31. Rf4 {[%clk 00:29:02]} {[%emt 00:00:16]} Rxf4 {[%clk
01:07:08]} {[%emt 00:00:35]} 32. Qxf4 {[%clk 00:29:27]} {[%emt 00:00:05]} Nd7
{[%clk 01:07:27]} {[%emt 00:00:11]} 33. Qxc4 {[%emt 00:01:22]} 1-0

[Event "DEM U14 2023"]
[Site "Willingen GER"]
[Date "2023.05.30"]
[Round "4"]
[White "Burkart, Lloyd Shang"]
[Black "Aniol, Nico"]
[Result "1/2-1/2"]
[Termination "normal"]
[Board "15"]
[WhiteElo "1956"]
[BlackElo "1592"]
[WhiteClock "00:13:46"]
[BlackClock "00:23:03"]
[PlyCount "53"]
[WhiteFideId "16239059"]
[BlackFideId "16287096"]
[EventCountry "GER"]
[EventRounds "9"]
[EventType "swiss"]
[EventDate "2023.05.27"]

1. d4 {[%clk 01:30:59]} Nf6 {[%clk 01:30:50]} {[%emt 00:00:11]} 2. c4 {[%clk
01:31:09]} {[%emt 00:00:20]} g6 {[%clk 01:31:00]} {[%emt 00:00:20]} 3. Nc3
{[%clk 01:30:36]} {[%emt 00:01:02]} Bg7 {[%clk 01:31:14]} {[%emt 00:00:17]} 4.
Nf3 {[%clk 01:30:32]} {[%emt 00:00:33]} O-O {[%clk 01:31:36]} {[%emt 00:00:08]}
5. Bf4 {[%clk 01:30:43]} {[%emt 00:00:19]} d5 {[%clk 01:30:30]} {[%emt
00:01:37]} 6. Rc1 {[%clk 01:29:35]} {[%emt 00:01:37]} c6 {[%clk 01:22:35]}
{[%emt 00:08:26]} 7. e3 {[%clk 01:28:47]} {[%emt 00:01:17]} Nh5 {[%clk
01:19:25]} {[%emt 00:03:41]} 8. Be5 {[%clk 01:19:17]} {[%emt 00:10:00]} f6
{[%clk 01:17:41]} {[%emt 00:02:14]} 9. Bg3 {[%clk 01:18:21]} {[%emt 00:01:25]}
Nxg3 {[%clk 01:17:51]} {[%emt 00:00:21]} 10. hxg3 {[%clk 01:18:49]} {[%emt
00:00:01]} Be6 {[%clk 01:15:50]} {[%emt 00:02:30]} 11. Qb3 {[%clk 01:16:14]}
{[%emt 00:03:06]} Qb6 {[%clk 01:12:37]} {[%emt 00:03:43]} 12. Bd3 {[%clk
00:53:21]} {[%emt 00:23:23]} Qxb3 {[%clk 01:10:35]} {[%emt 00:02:32]} 13. axb3
{[%clk 00:53:48]} {[%emt 00:00:03]} Na6 {[%clk 01:05:58]} {[%emt 00:05:08]} 14.
cxd5 {[%clk 00:35:09]} {[%emt 00:19:09]} Nb4 {[%clk 01:06:16]} {[%emt
00:00:12]} 15. Ke2 {[%clk 00:35:14]} {[%emt 00:00:24]} Nxd3 {[%clk 01:06:26]}
{[%emt 00:00:20]} 16. Kxd3 {[%clk 00:35:41]} {[%emt 00:00:03]} cxd5 {[%clk
01:06:49]} {[%emt 00:00:07]} 17. Na4 {[%clk 00:32:13]} {[%emt 00:03:59]} Bf5+
{[%clk 01:04:19]} {[%emt 00:02:59]} 18. Kd2 {[%clk 00:28:40]} {[%emt 00:04:03]}
Rfc8 {[%clk 01:01:32]} {[%emt 00:03:17]} 19. Rc3 {[%clk 00:25:31]} {[%emt
00:03:38]} Rxc3 {[%clk 00:27:16]} {[%emt 00:34:47]} 20. Nxc3 {[%clk 00:25:05]}
{[%emt 00:00:55]} Be6 {[%clk 00:26:35]} {[%emt 00:01:12]} 21. Nb5 {[%clk
00:21:32]} {[%emt 00:04:03]} Bf7 {[%clk 00:24:40]} {[%emt 00:02:26]} 22. Rc1
{[%clk 00:21:10]} {[%emt 00:00:51]} a6 {[%clk 00:24:45]} {[%emt 00:00:25]} 23.
Nc3 {[%clk 00:20:27]} {[%emt 00:01:13]} Rc8 {[%clk 00:23:27]} {[%emt 00:01:48]}
24. Na4 {[%clk 00:18:41]} {[%emt 00:02:16]} Rxc1 {[%clk 00:23:53]} {[%emt
00:00:05]} 25. Kxc1 {[%clk 00:19:09]} Be8 {[%clk 00:23:38]} {[%emt 00:00:45]}
26. Kc2 {[%clk 00:18:36]} {[%emt 00:01:03]} e5 {[%clk 00:23:03]} {[%emt
00:01:06]} 27. Kc3 {[%clk 00:13:46]} {[%emt 00:05:20]} 1/2-1/2

[Event "DEM U14 2023"]
[Site "Willingen GER"]
[Date "2023.05.30"]
[Round "4"]
[White "Jahnz, Laurin"]
[Black "Zomartova, Ilya"]
[Result "1-0"]
[Termination "normal"]
[Board "16"]
[WhiteElo "1896"]
[BlackElo "1672"]
[WhiteClock "00:26:47"]
[BlackClock "01:02:01"]
[PlyCount "101"]
[WhiteFideId "16261089"]
[BlackFideId "13630946"]
[EventCountry "GER"]
[EventRounds "9"]
[EventType "swiss"]
[EventDate "2023.05.27"]

1. e4 {[%clk 01:30:58]} {[%emt 00:00:01]} c5 {[%clk 01:30:43]} {[%emt
00:00:18]} 2. Nf3 {[%clk 01:31:23]} {[%emt 00:00:04]} Nc6 {[%clk 01:31:06]}
{[%emt 00:00:08]} 3. Bc4 {[%clk 01:31:05]} {[%emt 00:00:47]} e6 {[%clk
01:31:26]} {[%emt 00:00:10]} 4. O-O {[%clk 01:31:30]} {[%emt 00:00:06]} a6
{[%clk 01:31:36]} {[%emt 00:00:20]} 5. c3 {[%clk 01:30:39]} {[%emt 00:01:20]}
b5 {[%clk 01:29:56]} {[%emt 00:02:10]} 6. Bb3 {[%clk 01:31:01]} {[%emt
00:00:09]} Nge7 {[%clk 01:29:00]} {[%emt 00:01:25]} 7. d4 {[%clk 01:29:34]}
{[%emt 00:01:57]} cxd4 {[%clk 01:29:04]} {[%emt 00:00:27]} 8. cxd4 {[%clk
01:28:45]} {[%emt 00:01:18]} d5 {[%clk 01:29:03]} {[%emt 00:00:32]} 9. e5
{[%clk 01:26:56]} {[%emt 00:02:18]} Bb7 {[%clk 01:28:42]} {[%emt 00:00:51]} 10.
Nc3 {[%clk 01:24:54]} {[%emt 00:02:32]} Nc8 {[%clk 01:24:53]} {[%emt 00:04:18]}
11. Bc2 {[%clk 01:22:52]} {[%emt 00:02:33]} Nb6 {[%clk 01:23:58]} {[%emt
00:01:24]} 12. Ng5 {[%clk 01:02:29]} {[%emt 00:20:53]} h6 {[%clk 01:17:25]}
{[%emt 00:07:04]} 13. Qh5 {[%clk 00:55:59]} {[%emt 00:06:59]} hxg5 {[%clk
01:13:20]} {[%emt 00:04:36]} 14. Qxh8 {[%clk 00:56:19]} {[%emt 00:00:10]} Nxd4
{[%clk 01:13:17]} {[%emt 00:00:33]} 15. Bd3 {[%clk 00:53:04]} {[%emt 00:03:45]}
Nd7 {[%clk 01:12:41]} {[%emt 00:01:06]} 16. Qh5 {[%clk 00:29:40]} {[%emt
00:23:54]} Nxe5 {[%clk 01:11:07]} {[%emt 00:02:04]} 17. Rd1 {[%clk 00:15:27]}
{[%emt 00:14:43]} g6 {[%clk 01:04:57]} {[%emt 00:06:39]} 18. Qh8 {[%clk
00:14:05]} {[%emt 00:01:52]} Nxd3 {[%clk 00:56:32]} {[%emt 00:08:56]} 19. Rxd3
{[%clk 00:10:09]} {[%emt 00:04:25]} Nf5 {[%clk 00:54:19]} {[%emt 00:02:43]} 20.
Ne4 {[%clk 00:07:55]} {[%emt 00:02:44]} Kd7 {[%clk 00:43:34]} {[%emt 00:11:15]}
21. Bxg5 {[%clk 00:02:34]} {[%emt 00:05:51]} Be7 {[%clk 00:43:25]} {[%emt
00:00:39]} 22. Qxd8+ {[%clk 00:02:58]} {[%emt 00:00:06]} Kxd8 {[%clk 00:42:41]}
{[%emt 00:01:14]} 23. Bxe7+ {[%clk 00:03:21]} {[%emt 00:00:07]} Kxe7 {[%clk
00:42:55]} {[%emt 00:00:16]} 24. Nc5 {[%clk 00:03:46]} {[%emt 00:00:05]} Bc6
{[%clk 00:42:08]} {[%emt 00:01:17]} 25. Rc1 {[%clk 00:04:03]} {[%emt 00:00:14]}
Kd6 {[%clk 00:41:57]} {[%emt 00:00:40]} 26. Ne4+ {[%clk 00:04:27]} {[%emt
00:00:06]} Kd7 {[%clk 00:42:14]} {[%emt 00:00:13]} 27. Nf6+ {[%clk 00:04:47]}
{[%emt 00:00:10]} Kd6 {[%clk 00:42:22]} {[%emt 00:00:22]} 28. Ne4+ {[%clk
00:05:01]} {[%emt 00:00:17]} Kd7 {[%clk 00:42:35]} {[%emt 00:00:17]} 29. Ng5
{[%clk 00:05:26]} {[%emt 00:00:05]} Nd6 {[%clk 00:41:44]} {[%emt 00:01:21]} 30.
Rdc3 {[%clk 00:05:07]} {[%emt 00:00:49]} Rc8 {[%clk 00:41:42]} {[%emt
00:00:31]} 31. Nf3 {[%clk 00:05:30]} {[%emt 00:00:07]} f6 {[%clk 00:41:12]}
{[%emt 00:01:01]} 32. Nd4 {[%clk 00:05:49]} {[%emt 00:00:11]} Bb7 {[%clk
00:41:11]} {[%emt 00:00:31]} 33. Rxc8 {[%clk 00:06:15]} {[%emt 00:00:03]} Bxc8
{[%clk 00:40:32]} {[%emt 00:01:09]} 34. Rd1 {[%clk 00:05:23]} {[%emt 00:01:22]}
e5 {[%clk 00:40:00]} {[%emt 00:01:02]} 35. Nc2 {[%clk 00:04:34]} {[%emt
00:01:19]} d4 {[%clk 00:38:43]} {[%emt 00:01:47]} 36. f3 {[%clk 00:04:00]}
{[%emt 00:01:04]} Bb7 {[%clk 00:38:44]} {[%emt 00:00:29]} 37. Kf2 {[%clk
00:04:14]} {[%emt 00:00:16]} a5 {[%clk 00:38:39]} {[%emt 00:00:36]} 38. h4
{[%clk 00:02:49]} {[%emt 00:01:54]} Bd5 {[%clk 00:38:37]} {[%emt 00:00:32]} 39.
b3 {[%clk 00:02:32]} {[%emt 00:00:48]} f5 {[%clk 00:37:27]} {[%emt 00:01:39]}
40. Re1 {[%clk 00:02:05]} {[%emt 00:00:57]} d3 {[%clk 00:35:50]} {[%emt
00:02:08]} 41. Ne3 {[%clk 00:29:49]} {[%emt 00:02:44]} Ke6 {[%clk 01:05:29]}
{[%emt 00:00:52]} 42. Nxd5 {[%clk 00:28:47]} {[%emt 00:01:33]} Kxd5 {[%clk
01:05:53]} {[%emt 00:00:06]} 43. Ke3 {[%clk 00:29:09]} {[%emt 00:00:08]} e4
{[%clk 01:06:11]} {[%emt 00:00:11]} 44. fxe4+ {[%clk 00:29:10]} {[%emt
00:00:29]} fxe4 {[%clk 01:06:18]} {[%emt 00:00:23]} 45. g4 {[%clk 00:29:06]}
{[%emt 00:00:34]} Ke5 {[%clk 01:05:51]} {[%emt 00:00:57]} 46. Rc1 {[%clk
00:28:59]} {[%emt 00:00:36]} Kd5 {[%clk 01:03:15]} {[%emt 00:03:07]} 47. Rc7
{[%clk 00:27:41]} {[%emt 00:01:47]} a4 {[%clk 01:03:07]} {[%emt 00:00:39]} 48.
Rg7 {[%clk 00:26:13]} {[%emt 00:01:58]} axb3 {[%clk 01:02:13]} {[%emt
00:01:25]} 49. axb3 {[%clk 00:26:07]} {[%emt 00:00:35]} Nc4+ {[%clk 01:02:24]}
{[%emt 00:00:20]} 50. bxc4+ {[%clk 00:26:24]} {[%emt 00:00:13]} bxc4 {[%clk
01:02:01]} {[%emt 00:00:53]} 51. Rc7 {[%clk 00:26:47]} {[%emt 00:00:06]} 1-0